| 000 | 00453nam a2200181Ia 4500 | ||
|---|---|---|---|
| 001 | 1403 | ||
| 005 | 20260306143726.0 | ||
| 008 | 260306t2014||||xx |||||||||||||| ||spa|| | ||
| 041 | _aESP | ||
| 082 |
_a150 _bF36 2014 |
||
| 100 |
_aFeldman, Robert _eAUT |
||
| 245 | 0 | _aPsicología con aplicaciones de países de habla hispana | |
| 260 | _c2014 | ||
| 300 |
_axli,630 páginas : _c27 cm. |
||
| 650 | _aGEN | ||
| 654 | _aCPS | ||
| 942 |
_cLIB _dJUS _fJUS _2ddc _n |
||
| 999 |
_c1403 _d1403 |
||